000 00773nam a22002177a 4500
999 _c2601
_d2601
003 AR-CdUCM
008 190305b ||||| |||| 00| 0 spa d
040 _aMUNICIPALIDAD PROVINCIAL DEL CUSCO
_cBIBLIOTECA MUNICIPAL DEL CUSCO
082 _22ed.
_a869.96 /
_bM77
100 _aMontenegro, Carlos
_99177
245 _aHombre sin mujer /
260 _aMéxico :
_bEdiciones Nuevo Mundo,
_c1959.
300 _a236 Páginas ;
_c21 cm.
505 _aContenido: Una piedra en al camino -- En la galera -- La noche -- La morita -- Los ingresos -- El infierno -- El sinfin -- En el baño...
650 _aNovela Cubana
_91237
650 _aCruzada latinoamericana
_99082
650 _aLa Habana
_92308
650 _aCuentos de Cuba
_99178
942 _2ddc
_cLIBROS
945 _adavv